01325nam a2200349 a 450000100060000000300080000600500170001400600190003100700150005000800410006502000180010603500230012403500240014703500250017103500210019604000260021705000220024308200140026510000220027924501150030126000390041630000090045549000290046450400280049353301640052160000760068560000760076165500270083771000190086483000300088385600620091332220FlNmELB20241216220725.0m o d | cr cn|||||||||130124s2006 sp sb 000 0 spa d z9788478982455 a(MiAaPQ)EBC3206243 a(Au-PeEL)EBL3206243 a(CaPaEBR)ebr10638252 a(OCoLC)929394714 aFlNmELBbspacFlNmELB 4aPQ6312bG569 200604a862.32221 aGómez, Jesús.13aLa figura del donaire o el gracioso en las comedias de Lope de Vegah[recurso electronico] /cJesús Gómez. aSevilla :bEdiciones Alfar,c2006. a1 v.1 aAlfar Universidad ;v143 aBibliogr. p. [135]-141. aRecurso electrónico. Santa Fe, Arg.: e-libro, 2015. Disponible vía World Wide Web. El acceso puede estar limitado para las bibliotecas afiliadas a e-libro.14aVega Carpio, Félix Lope de,d1562-1635xCrítica e interpretación.10aVega Carpio, Félix Lope de,d1562-1635xCriticism and interpretation. 4aLibros electrónicos.2 ae-libro, Corp. 0aAlfar Universidad ;v143.40uhttps://elibro.net/ereader/politecnicointernacional/52627